| 000 | 00487cam a22001337a 4500 | ||
|---|---|---|---|
| 008 | 180718b1954 xxu||||| |||| 00| 0 eng d | ||
| 082 | _aB71x7526 M369 | ||
| 100 | _aUnited States. Commission to study the structure of Baltimor County Government | ||
| 245 | _aReport of the Commission to the study the structure of Baltimore County Government | ||
| 260 |
_aMaryland _bThe author _c1954 |
||
| 300 | _a64p. | ||
| 500 | _aChairman: Charles B. Bosley | ||
| 700 | _aBosley, Charles B. (Chairman) | ||
| 999 |
_c488243 _d488243 |
||